[Event "Julian Mazur 2024"]
[Site "Wellington Chess Club"]
[Date "2024.08.29"]
[Round "5.1"]
[White "Croad, Nicolas"]
[Black "Young, Cohen"]
[Result "1-0"]
[WhiteElo "2394"]
[BlackElo "2136"]
[WhiteFideId "4300793"]
[BlackFideId "4317440"]
[EventDate "2024.08.01"]
[SourceDate ""]

1. d4 Nf6 2. c4 e6 3. Nc3 Bb4 4. e3 O-O 5. Bd3 d5 6. Ne2 c5 7. O-O cxd4 8. exd4
dxc4 9. Bxc4 Nbd7 10. Bg5 Be7 11. Qd3 b6 12. Qf3 Rb8 13. Rad1 Bb7 14. Qh3 h6
15. Bf4 Rc8 16. Bd3 a6 17. Rfe1 Re8 18. Bb1 Bf8 19. a4 Nd5 20. Bc1 N7f6 21. Rd3
Kh8 22. Red1 Qd7 23. Rg3 b5 24. axb5 axb5 25. Bg5 Nh7 26. Bc1 Nhf6 27. Qh4 Nxc3
28. Nxc3 Ng8 29. Bf4 b4 30. Ne4 e5 31. Bxh6 Nxh6 32. Nf6 Qxd4 33. Qxh6+ gxh6
34. Rg8# 1-0

[Event "Julian Mazur 2024"]
[Site "Wellington Chess Club"]
[Date "2024.08.29"]
[Round "5.2"]
[White "Dive, Russell J"]
[Black "Winsley, Nicholas"]
[Result "0-1"]
[WhiteElo "2315"]
[BlackElo "2086"]
[WhiteFideId "4300106"]
[BlackFideId "4315146"]
[EventDate "2024.08.01"]
[SourceDate ""]

1. Nf3 Nf6 2. c4 c6 3. b3 g6 4. Bb2 Bg7 5. e4 d6 6. h3 O-O 7. Qc2 c5 8. Be2 Nc6
9. a3 e5 10. O-O Nh5 11. Re1 Nf4 12. Bf1 f5 13. d3 fxe4 14. dxe4 Nxh3+ 15. Kh2
Rxf3 16. gxf3 Qh4 17. Bxh3 Qxh3+ 18. Kg1 Bh6 19. Nd2 Bf4 20. Nf1 Qxf3 21. Qc3
Qg4+ 22. Ng3 Nd4 23. Re3 Bxe3 24. Qxe3 Nc2 25. Qd3 Nd4 26. Bxd4 exd4 27. Re1
Bd7 28. e5 Re8 29. Re4 Qh3 30. exd6 Rxe4 31. Qxe4 Bc6 32. d7 Qxd7 33. Qe5 d3
34. Kf1 d2 35. Qb8+ Kf7 36. Qf4+ Ke7 37. Qe5+ Qe6 38. Qg5+ Qf6 39. Qe3+ Kf7 40.
Qxd2 Kg7 41. Qe3 h5 42. f4 b6 43. a4 Kf7 44. Ne4 Bxe4 45. Qxe4 Kg7 46. Kg2 Kh6
47. Kg3 Qc3+ 48. Kh4 Qb2 49. Kg3 Qxb3+ 50. Kh4 Qd1 51. Qg2 Qe1+ 52. Kh3 Qe3+
0-1

[Event "Julian Mazur 2024"]
[Site "Wellington Chess Club"]
[Date "2024.08.29"]
[Round "5.3"]
[White "Sethuramalingam, Karthik"]
[Black "Ker, Anthony F"]
[Result "1-0"]
[WhiteElo "1871"]
[BlackElo "2384"]
[WhiteFideId "4320964"]
[BlackFideId "4300084"]
[EventDate "2024.08.01"]
[SourceDate ""]

1. d4 { [%eval 0.17]   I had quite a tiring day today and I was expecting to
play Ollie but I was paired against Anthony which was a pleasant surprise
because that meant I would lose less rating if I lost. I always enjoy playing
against strong players. } 1... Nf6 { [%eval 0.17] } 2. c4 { [%eval 0.17] } 2...
e6 { [%eval 0.11] } 3. g3 { [%eval 0.16] } 3... Bb4+ { [%eval 0.18] } 4. Nd2 {
[%eval 0.17]   This is only the second time I've played this over the board and
the first time in classical. } 4... c5 { [%eval 0.11]   1:12 } 5. a3 { [%eval
0.12]   1: 12 I was not exactly in prep because I couldn't remember all the
moves but I knew fairly what I was doing because I knew the ideas. } 5... Bxd2+
{ [%eval 0.15] } 6. Qxd2 { [%eval 0.1]   Critical move } 6... cxd4 { [%eval
0.14]   I don't think taking is good as it's just giving away tempo.   [%cal
Gb8c6,Gd2d4] } 7. Nf3 { [%eval 0.06] }  (7. Qxd4 Nc6 8. Qd6 Ne4 9. Qf4) 7... b6
{ [%eval 0.17]   1:08 Nc6 was what I was expecting and in hindsight, what was
in my prep lines.   [%cal Gd2g5] }  (7... Nc6 8. Nxd4 Na5 9. Qb4 d5 10. e4 Nxc4
11. exd5 exd5 12. Nb5 a5 13. Qc5 Qe7+ 14. Qxe7+ Kxe7 15. Nc7) 8. Bg2 { [%eval
0.21]   1:05 }  (8. Qg5 { I was also thinking about this because it looked nice
but I couldn't find any concrete advantage to play this move as I am giving
away the pawn on d4 for the time being. } ) 8... Bb7 { [%eval 0.21] [%cal
Gf3d4,Gb7g2] } 9. Qxd4 { [%eval 0.14]   1:04 } 9... d5 { [%eval 0.54]   1:03 } 
10. Bg5 { [%eval 0.22]   52 I thought for a long time here because I debated
whether to go Bg5 to put pressure on the knight or to go Bf4 and take control
of some nice dark squares. If I played Bg5 I had to commit to take the knight
on f6 if h6 was played and I wasn't sure if that was very good as the dark
squares were very open and I had the bishop pair. }  (10. Bf4 Nc6 { After Nc6 I
thought it wasn't very good for me as I was getting kicked around. } ) 10...
Nbd7 { [%eval 0.32]   58 Now I thought I had a nice position out of the opening
and I think this position definitely suited my style. } 11. Ne5 { [%eval 0.3]  
41 I also spent a lot of time here because I wasn't quite sure what to play I
was calculating Ne5, Rd1, or just castles. I liked this Ne5 move because I
threatened Nxd7 and if the queen took back, then I would win a pawn on f6. The
main move which I thought was annoying was h6.   [%csl Gf6,Gd7][%cal
Ge5d7,Gd8d7,Gg5f6,Gg7f6,Gd4f6] } 11... h6 { [%eval 0.29]   50 } 12. Nxd7 {
[%eval 0.29]   I was calculating some wild stuff here before I played Ne5. I
was thinking of playing cxd5. }  (12. cxd5 { Black can basically play Nxe5
anytime and just be a piece up } 12... hxg5 (12... Nxe5 13. Qxe5 (13. Bxf6 Qxf6
) 13... hxg5) 13. dxe6 Bxg2 14. exf7+ Kf8 15. Qd6+ Qe7 16. Ng6+ Kxf7 17. Qxe7+
{ Somehow this is not even good. } ) 12... hxg5 { [%eval 0.32] }  (12... Qxd7
13. Bxf6 gxf6 14. Qxf6 { This is clearly bad so Black must play hxg5 } ) 13.
Nxf6+ { [%eval 0.25] } 13... Qxf6 { [%eval 0.27] } 14. Qxf6 { [%eval 0.27]   40
} 14... gxf6 { [%eval 0.37]   I saw all this and realized that d5 pawn could
become a weakness and I would have good chances in the endgame. } 15. cxd5 {
[%eval 0.23]   34 I was thinking of either long castles, short castles, Rd1, or
cxd5. I rejected long castles because the h2 pawn would become weak if I didn't
short castle. I also didn't want to delay isolating the d5 pawn so I just took.
[%csl Gd5][%cal Gb7d5,Gg2d5,Ge6d5] } 15... O-O-O { [%eval 0.51]   I didn't
really expect this because I just thought he would play Rd8. I thought the king
looked a bit suspicious on c8. }  (15... Bxd5 16. Bxd5 exd5 { I thought this
was good as White is the one with the winning chances because Black's pawn
structure is not ideal and the d5 pawn is weak. } ) 16. Rd1 { [%eval 0.51]   32
The whole idea here obviously is if anything takes on d5 then I keep trading
until there is an isolated pawn there. } 16... Rd6 $6 { [%eval 1.08]  
Inaccuracy. Kc7 was best.   36 I did think that he was going to double up on
the d-file but I missed this move. It didn't really change my plan though. }  (
16... Kc7 17. Rd3 Bxd5 18. Bxd5 exd5 19. O-O Rhe8 20. e3 f5 21. Rfd1 Kc6 22.
Rc1+) 17. O-O { [%eval 0.93] } 17... Rhd8 $6 { [%eval 1.55]   Inaccuracy. exd5
was best.   I was debating whether to go e4 or Rc1+. If I played e4 I would end
up with an isolated pawn myself, which I didn't want, so I played Rc1+,
planning to go dxe6. I was really scared of the rook getting on the second rank
if I opened up the d file but I thought that I could defend my pawns, even if I
had to be a bit passive. }  (17... exd5) 18. Rc1+ { [%eval 1.58] }  (18. e4
exd5 19. exd5 { Weak pawn. Not to mention it can literally just be taken.  
[%csl Gd5] } ) 18... Kb8 { [%eval 1.47] } 19. dxe6 { [%eval 1.4]   23 } 19...
fxe6 { [%eval 1.44]   Somehow I'm a pawn up!?? Surprised he didn't go for Rd2
to cause some complications but as Cohen and Matthew pointed out, after the
game, the exf7 would pose a bit of problems. }  (19... Rd2 20. exf7 Rxe2 21.
Rfe1 { [%csl Ge8][%cal Ge2d2,Ge1e8] } ) 20. Bxb7 { [%eval 1.42]   22 I was
deciding whether or not to take the bishop but if I didn't my bishop would get
stuck on f1, while his bishop would be very active. }  (20. Rc2 Rd1 21. Rxd1
Rxd1+ 22. Bf1 { Just an example. } ) 20... Kxb7 { [%eval 1.31] } 21. Rc2 {
[%eval 1.3]   21 Key to cover the 2nd rank } 21... Rd2 { [%eval 1.64] } 22.
Rfc1 { [%eval 1.44]   Obviously no taking. } 22... R8d7 { [%eval 1.83] [%cal
Gg1f1,Ge2e3] } 23. e3 { [%eval 1.51]   19 I was thinking about Kf1 or e3 to
defend my pawns, so that I can move my rook to c6. I would eventually have to
play Kg2 in the endgame to get my king out so I decided to play e3 to not waste
a move.   [%cal Gc2c6] } 23... g4 { [%eval 1.48]   36 This was really scary. I
thought I was going to get mated or something. } 24. Rc6 $2 { [%eval 0.23]  
Mistake. h3 was best.   18 Okay, I spent a minute on this move and it was a
mistake. I thought it was an obvious move because I was attacking his pawns but
I missed Rd1+ }  (24. h3 { No idea why this is best; I thought my h pawn was my
biggest asset. } ) 24... Rd1+ { [%eval 0.37]   34 I thought I hung a rook here.
Luckily I had Kg2. Again if I had played Kf1 previous, then I would have had to
waste a move playing Kg2. } 25. Kg2 { [%eval 0.43] }  (25. Rxd1 $4 Rxd1+ 26.
Kg2 Kxc6) 25... Rxc1 { [%eval 0.43] } 26. Rxc1 { [%eval 0.43]   Now its not as
clear. } 26... Rd2 { [%eval 0.32]   Now we're in a rook endgame and I'm a
player with a reputation for throwing rook endgames but as Judah always says;
"Rook endgames are always a draw", so I couldn't lose right? } 27. b4 { [%eval
0.23]   17 Had to start moving faster now. } 27... Ra2 { [%eval 0.35]   24 }  (
27... Rd3 28. a4 Ra3 29. Rc4 { If the g pawn falls then my h pawn has a red
carpet to the 8th rank.   [%csl Gg4][%cal Gc4g4] } ) 28. Rc4 { [%eval 0.4]   16
Attacking the g pawn. I thought f5 was the only move here.   [%csl Gg4][%cal
Gc4g4,Gh2h8,Ga2a3] } 28... f5 { [%eval 0.36] }  (28... Rxa3 29. Rxg4 a5 30.
bxa5 bxa5 31. h4 a4 32. h5 Ra1 33. h6 a3 34. h7 a2 35. h8=Q $18) 29. Rc3 {
[%eval 0.6]   Rc4 was a nice intermezzo. Aadhav thought I wasn't gonna play it
:). }  (29. e4 a6 (29... Rxa3 30. exf5 exf5 31. Rf4 a5 32. bxa5 Rxa5 $10 { Draw
} ) 30. exf5 exf5 31. Rf4 { I guess in this position the rook on f4 is really
good. } ) 29... e5 $4 { [%eval 2.9]   Blunder. b5 was best.   20 I thought a5
or something like that was a better try because I didn't know how I was going
to break through. After the game he said he played this move because he didn't
like how after e4, I could get my rook to f4. }  (29... b5)  (29... a6 30. e4
b5 31. exf5 exf5 { [%cal Gc3d3,Gd3d4,Gd4f4] } ) 30. e4 $1 { [%eval 2.65]   15
After e4, the integrity of the pawn chain completely disintegrates. } 30... f4
$6 { [%eval 3.56]   Inaccuracy. fxe4 was best.   18 }  (30... fxe4 31. Re3) 31.
gxf4 { [%eval 3.39] } 31... exf4 { [%eval 3.41] } 32. e5 { [%eval 3.25]   14
Clearing the 4th rank for the rook. The e pawn will inevitably fall, but that
doesn't matter. } 32... Re2 { [%eval 3.98]   17 Black has to stop the pawn.  
[%cal Ge2e5] } 33. Rc4 { [%eval 4.06]   14   [%csl Gf4,Gg4][%cal Gc4g4] } 33...
g3 { [%eval 4.16]   16 } 34. hxg3 { [%eval 4.59] } 34... fxg3 { [%eval 4.55] } 
35. Kxg3 { [%eval 4.47] } 35... Rxe5 { [%eval 4.24] }  (35... Re3+ { For some
reason I thought I had blundered because he could fork my king and my a pawn??
But I realised that I was hallucinating. } ) 36. a4 { [%eval 4.35]   13
Stopping any advance on the queenside. } 36... a6 { [%eval 5.31] } 37. f4 {
[%eval 5.2]   13 I thought f4 was a mistake here after I played because of Re3+
but then I realised that the rook could not get back in time to stop the pawn.
} 37... Rd5 { [%eval 5.27]   11 }  (37... Re3+ 38. Kg4 Ra3 39. f5 $5 Rxa4 40.
f6 Ra2 (40... Ra3 41. f7 { [%csl Gf3][%cal Gg4f3] } ) 41. f7 Rf2 42. Rf4) 38.
Kg4 { [%eval 5.03] } 38... b5 { [%eval 4.98] } 39. axb5 { [%eval 5.32] } 39...
axb5 { [%eval 5.53] } 40. Re4 { [%eval 5.12] }  (40. Rc5 { I thought this move
was an instant win after I played Re4, I'm so glad I didn't play it. } ) 40...
Kc6 { [%eval 5.67] } 41. f5 { [%eval 5.74] } 41... Rd1 { [%eval 5.98] } 42. f6
{ [%eval 5.51] } 42... Kd7 $6 { [%eval 7.27]   Inaccuracy. Rd7 was best. }  (
42... Rd7 43. Kg5 Kd5 44. Rf4 Ke6 45. Kg6 Rd8 46. f7 Ke7 47. Kg7 Ke6 48. f8=Q) 
43. f7 { [%eval 5.91] } 43... Rg1+ { [%eval 5.68] } 44. Kf5 { [%eval 5.96]  
Building the bridge } 44... Rf1+ { [%eval 5.81] } 45. Kg6 { [%eval 6.02] } 
45... Rg1+ { [%eval 5.98] } 46. Kh7 { [%eval 5.62] } 46... Rf1 { [%eval 6.2] } 
47. Kg8 { [%eval 6.09] } 47... Rg1+ { [%eval 5.84] } 48. Kf8 { [%eval 5.75] } 
48... Rf1 { [%eval 6.09] } 49. Re7+ { [%eval 10.21] } 49... Kd8 { [%eval 10.71]
} 50. Re8+ { [%eval 10.68] } 50... Kd7 { [%eval 8.9] } 51. Kg7 { [%eval 7.28]  
1-0 White Resigns   [%csl Gf8][%cal Gf1g1,Gg7h6,Gh6g5,Gg5h4,Gh4g3,Gg3h2,Gf7f8]
} 1-0

[Event "Julian Mazur 2024"]
[Site "Wellington Chess Club"]
[Date "2024.08.29"]
[Round "5.5"]
[White "Malcolm, Aidan"]
[Black "Chang, Luke"]
[Result "0-1"]
[WhiteElo "1859"]
[BlackElo "1930"]
[WhiteFideId "4315073"]
[BlackFideId "4325605"]
[EventDate "2024.08.01"]
[SourceDate ""]

1. d4 d5 2. c4 c6 3. Nf3 Nf6 4. Nc3 dxc4 5. a4 Bf5 6. e3 e6 7. Bxc4 Bb4 8. O-O
O-O 9. Qe2 Bg6 10. Bd3 Bxd3 11. Qxd3 Nbd7 12. Ne4 Nxe4 13. Qxe4 Nf6 14. Qh4 Qd5
15. Bd2 Bd6 16. Bc3 Ne4 17. Rfd1 f5 18. Ng5 Nxg5 19. Qxg5 Rf6 20. g3 Raf8 21.
Qh5 Rh6 22. Qe2 Rff6 23. f4 Rfg6 24. Qg2 Qb3 25. Rf1 Rh5 26. Kh1 Rgh6 27. h4
Rxh4+ 0-1

[Event "Julian Mazur 2024"]
[Site "Wellington Chess Club"]
[Date "2024.08.29"]
[Round "5.6"]
[White "Sellen, Ian"]
[Black "Keith, Matthew"]
[Result "1-0"]
[WhiteElo "2001"]
[BlackElo "1830"]
[WhiteFideId "4300610"]
[BlackFideId "4320913"]
[EventDate "2024.08.01"]
[SourceDate ""]

1. c4 e5 2. Nc3 Nf6 3. g3 c6 {Opening: A23: English Opening, King's English
Variation, Two Knights' Variation, Keres Variation} 4. d4 e4 5. d5 Bc5 6. Bg2
e3 7. fxe3 O-O 8. Nf3 Ng4 9. Qd3 Qe7 10. Nd1 cxd5 11. cxd5 Re8 12. Nd4 Qf6 13.
Bd2 b6 14. b4 Ba6 15. b5 Bb7 16. Bc3 Qg5 17. h4 Qe5 18. Nf5 Bb4 19. Bxb4 Qxa1
20. Bc3 Qc1 21. O-O Qa3 22. Nxg7 Re5 23. Qd4 1-0

[Event "Julian Mazur 2024"]
[Site "Wellington Chess Club"]
[Date "2024.08.29"]
[Round "5.7"]
[White "Hurndell, Robert"]
[Black "Winter, Ryan"]
[Result "0-1"]
[WhiteElo "1730"]
[BlackElo "2289"]
[WhiteFideId "4310233"]
[BlackFideId "4306295"]
[EventDate "2024.08.01"]
[SourceDate ""]

1. e4 c5 2. Nf3 e6 3. c3 Nf6 4. d3 Be7 5. Be2 O-O 6. Nbd2 d6 7. Nf1 Nc6 8. Ng3
d5 9. exd5 Nxd5 10. O-O b6 11. c4 Nf6 12. b3 e5 13. Bb2 Qc7 14. Qc2 Re8 15.
Rfd1 Bd7 16. Qc3 Bd6 17. Ne4 Nxe4 18. dxe4 Nd4 19. Qd2 Bc6 20. Nxd4 exd4 21. f3
Bxh2+ 22. Kf1 Bf4 23. Qe1 Bg3 24. Qd2 f5 25. exf5 Qe7 26. Bd3 Qh4 0-1

[Event "Julian Mazur 2024"]
[Site "Wellington Chess Club"]
[Date "2024.08.29"]
[Round "5.8"]
[White "Farrington, Lawrence B"]
[Black "Nicholls, Leighton"]
[Result "0-1"]
[WhiteElo "1646"]
[BlackElo "1961"]
[WhiteFideId "4301749"]
[BlackFideId "4303776"]
[EventDate "2024.08.01"]
[SourceDate ""]

1. d4 Nf6 2. c4 c5 3. d5 b5 4. b3 bxc4 5. bxc4 g6 6. Bb2 Bg7 7. Nc3 Qa5 8. Rc1
O-O 9. Nf3 Na6 10. a3 Rb8 11. Qc2 Rxb2 12. Qxb2 Ne4 13. Nd2 Bxc3 14. Rxc3 Qxc3
15. Qxc3 Nxc3 16. e3 d6 17. Bd3 Bd7 18. O-O Rb8 19. g3 Rb2 20. Nf3 Ra2 21. Kg2
Rxa3 22. Rc1 Nxd5 23. cxd5 Rxd3 24. Ra1 Bb5 25. e4 c4 26. Ra5 Rb3 27. Nd4 Nc7
28. Nxb3 cxb3 29. Ra1 Bd3 0-1

[Event "Julian Mazur 2024"]
[Site "Wellington Chess Club"]
[Date "2024.08.29"]
[Round "5.9"]
[White "Munim, Ahmed"]
[Black "Tanoi, T Edward"]
[Result "0-1"]
[WhiteElo "1542"]
[BlackElo "1917"]
[WhiteFideId "0"]
[BlackFideId "4302087"]
[EventDate "2024.08.01"]
[SourceDate ""]

1. e4 c5 2. Nc3 Nc6 3. f4 e6 4. Nf3 Be7 5. d4 cxd4 6. Nxd4 Bh4+ 7. g3 Bf6 8. e5
Be7 9. Be3 d5 10. Bb5 Bd7 11. a3 a6 12. Bd3 Nh6 13. Qe2 Qa5 14. Nb3 Qc7 15.
O-O-O Na5 16. Kb1 Bxa3 17. Bd2 Nxb3 18. cxb3 Be7 19. Rc1 Qb6 20. Qd1 Bc6 21.
Na4 Qd8 22. Qh5 Bf8 23. f5 g6 24. fxg6 hxg6 25. Bxg6 fxg6 26. Qxg6+ Nf7 27.
Rhf1 Qe7 28. Bg5 Qxg5 29. Qxf7+ Kd8 30. Rxc6 bxc6 31. Nb6 Qe7 32. Nxa8 Bg7 33.
Qxe7+ Kxe7 34. Rf2 Rxa8 0-1

[Event "Julian Mazur 2024"]
[Site "Wellington Chess Club"]
[Date "2024.08.29"]
[Round "5.11"]
[White "Thirkell, Zachary"]
[Black "Kvindt, Maxim"]
[Result "1-0"]
[WhiteElo "1834"]
[BlackElo "1377"]
[WhiteFideId "4322207"]
[BlackFideId "0"]
[EventDate "2024.08.01"]
[SourceDate ""]

1. d4 d5 2. c4 Nf6 3. Nf3 Bf5 4. Qb3 b6 5. g3 Bxb1 6. Rxb1 e6 7. Bg2 Nbd7 8. e3
c5 9. cxd5 Nxd5 10. O-O Be7 11. Ne5 Nxe5 12. dxe5 Qc7 13. Bxd5 exd5 14. Qxd5
Rd8 15. Qe4 O-O 16. b3 Rfe8 17. f4 Qd7 18. Qc2 Qd3 19. Rb2 f6 20. Qxd3 Rxd3 21.
exf6 Bxf6 22. Re2 b5 23. e4 Bd4+ 24. Kg2 c4 25. bxc4 bxc4 26. e5 c3 27. Rc2 Rb8
28. e6 Be3 29. Kh3 g6 30. f5 Bxc1 31. Rfxc1 gxf5 32. Rxc3 Rxc3 33. Rxc3 Rb7 34.
Ra3 Kg7 35. Ra6 Kf6 36. Kh4 Rg7 37. e7+ 1-0

[Event "Julian Mazur 2024"]
[Site "Wellington Chess Club"]
[Date "2024.08.29"]
[Round "5.12"]
[White "Rippon, Joshua"]
[Black "Brockway, Andrew"]
[Result "0-1"]
[WhiteElo "1772"]
[BlackElo "1713"]
[WhiteFideId "0"]
[BlackFideId "4301340"]
[EventDate "2024.08.01"]
[SourceDate ""]

1. e4 c6 2. d4 d5 3. f3 e6 4. Bf4 dxe4 5. fxe4 Qh4+ 6. g3 Qd8 7. Nf3 Nd7 8. Bc4
Ngf6 9. Qd3 Be7 10. Nc3 b5 11. Bb3 a6 12. a4 b4 13. Ne2 a5 14. h3 Ba6 15. Qe3
c5 16. e5 Nh5 17. dxc5 Bxc5 18. Ned4 Bb7 19. O-O-O Qb6 20. Rhf1 O-O-O 21. Bg5
f6 22. exf6 gxf6 23. Qxe6 fxg5 24. Qg4 Nf6 25. Qxg5 Bxf3 26. Nxf3 Be3+ 27. Kb1
Bxg5 28. Nxg5 Nc5 29. Rc1 Rd7 30. Ba2 Nce4 31. Nf3 Nd2+ 32. Nxd2 Rxd2 33. Rf5
Nd5 $4 34. Bxd5 Qd6 35. Bc4 Rd1 36. Ba6+ Kc7 37. Rf7+ Kb6 38. Bd3 Rxc1+ 39.
Kxc1 b3 40. Be4 Rb8 41. c4 Qe6 42. c5+ Kxc5 43. Rc7+ Kd4 44. Rxh7 Kxe4 45. Rh4+
Kf3 0-1

[Event "Julian Mazur 2024"]
[Site "Wellington Chess Club"]
[Date "2024.08.29"]
[Round "5.13"]
[White "Saglam, Yigit"]
[Black "Evans, Oliver"]
[Result "1-0"]
[WhiteElo "1810"]
[BlackElo "1573"]
[WhiteFideId "0"]
[BlackFideId "4311949"]
[EventDate "2024.08.01"]
[SourceDate ""]

1. c4 e6 2. Nc3 b6 3. d4 Bb4 4. Nf3 Nf6 5. e3 O-O 6. Bd3 d6 7. O-O Bxc3 8. bxc3
Nbd7 9. e4 e5 10. h3 Re8 11. Re1 Bb7 12. Qc2 h6 13. g3 Re7 14. Nh4 Qf8 15. Nf5
Re6 16. g4 g5 17. f3 c5 18. d5 Ree8 19. h4 Nh7 20. Qh2 Ndf6 21. Kg2 Bc8 22.
hxg5 Bxf5 23. gxf6 Nxf6 24. Bxh6 Qe7 25. gxf5 Kh8 26. Bf8+ Nh7 27. Bxe7 Rxe7
28. f6 Rg8+ 29. Kf2 Ree8 30. Rh1 Rg7 31. fxg7+ Kxg7 32. Qxh7+ 1-0

[Event "Julian Mazur 2024"]
[Site "Wellington Chess Club"]
[Date "2024.08.29"]
[Round "5.14"]
[White "Sova, Leo"]
[Black "Bicalho, Frederico Meneses"]
[Result "1-0"]
[WhiteElo "1646"]
[BlackElo "1500"]
[WhiteFideId "39909204"]
[BlackFideId "44794835"]
[EventDate "2024.08.01"]
[SourceDate ""]

1. e4 c5 2. c3 Nf6 3. e5 Nd5 4. d4 cxd4 5. cxd4 Nc6 6. Nf3 d6 7. Bc4 e6 8. O-O
Be7 9. Nc3 Nxc3 10. bxc3 dxe5 11. Nxe5 Nxe5 12. dxe5 Qxd1 13. Rxd1 Bd7 14. Bb3
Rc8 15. c4 Bc6 16. Be3 b6 17. Rac1 Ba3 18. Rc2 a5 19. Rcd2 a4 20. Bc2 Bb4 21.
Rd3 O-O 22. a3 Ba5 23. f3 Bb7 24. Rd4 Bc3 25. Rh4 h6 26. Bxb6 Bxe5 27. c5 Bc6
28. Bxa4 Bxa4 29. Rxa4 Bc7 30. Rb4 Bf4 31. Kf2 Be5 32. a4 Ra8 33. a5 Bc3 34.
Ra4 Rfc8 35. a6 Kf8 36. a7 Be5 37. f4 Bc7 38. Rd7 1-0

[Event "Julian Mazur 2024"]
[Site "Wellington Chess Club"]
[Date "2024.08.29"]
[Round "5.15"]
[White "Rose, Jim"]
[Black "Ashe, Michael"]
[Result "1/2-1/2"]
[WhiteElo "1522"]
[BlackElo "1591"]
[WhiteFideId "4326776"]
[BlackFideId "4310462"]
[EventDate "2024.08.01"]
[SourceDate ""]

1. d4 Nf6 2. Nf3 e6 3. e3 d5 4. Bd3 c5 5. b3 Be7 6. O-O O-O 7. Bb2 b6 8. Nbd2
Ba6 9. c4 dxc4 10. bxc4 Nc6 11. a3 cxd4 12. exd4 Qc7 13. Qc2 h6 14. Nb3 Rac8
15. Rac1 Rfd8 16. Rfe1 Qd7 17. Qe2 Ne8 18. Red1 1/2-1/2

[Event "Julian Mazur 2024"]
[Site "Wellington Chess Club"]
[Date "2024.08.29"]
[Round "5.16"]
[White "Saglam, Azra Sena"]
[Black "Bohme, Alex"]
[Result "1-0"]
[WhiteElo "1589"]
[BlackElo "1477"]
[WhiteFideId "4320956"]
[BlackFideId "2660270"]
[EventDate "2024.08.01"]
[SourceDate ""]

1. c4 e5 2. Nc3 Nc6 3. g3 Bc5 4. Bg2 Nge7 5. Na4 Bb6 6. c5 Ba5 7. a3 b5 8. cxb6
Bxb6 9. Nxb6 axb6 10. b4 d5 11. Bb2 Qd6 12. Nf3 e4 13. Nd4 Nxd4 14. Bxd4 Nf5
15. Bb2 c5 16. O-O O-O 17. bxc5 bxc5 18. d3 e3 19. f4 Ra6 20. Qc2 Bb7 21. Rfc1
Rc8 22. d4 Qe6 23. dxc5 Rac6 24. Bh3 g6 25. Bxf5 gxf5 26. Bd4 Ba6 27. a4 Re8
28. Ra3 1-0

[Event "Julian Mazur 2024"]
[Site "Wellington Chess Club"]
[Date "2024.08.29"]
[Round "5.18"]
[White "Hupert, Leo"]
[Black "Marney, John"]
[Result "0-1"]
[WhiteElo "1389"]
[BlackElo "1696"]
[WhiteFideId "0"]
[BlackFideId "0"]
[EventDate "2024.08.01"]
[SourceDate ""]

1. e4 e5 2. Nf3 Nc6 3. Nc3 Nf6 4. Bc4 Nxe4 5. Nxe4 d5 6. Bxd5 Qxd5 7. Nc3 Qd8
8. h3 Bc5 9. Ne4 Bb6 10. c3 f5 11. Ng3 e4 12. Ng1 O-O 13. Nf1 Be6 14. Ne3 f4
15. Ng4 Qh4 16. Qe2 Bxg4 17. Qxg4 Qxf2+ 18. Kd1 Qf1+ 19. Kc2 Qd3+ 20. Kb3 Nd4+
21. Ka3 Nc2+ (21... Qa6+) 22. Kb3 Nxa1+ 23. Ka3 Nc2+ 24. Kb3 Nd4+ 25. Ka3 Qa6+
26. Kb4 c5# 0-1